La guerra contra las mujeres

Na minha lista:
Detalhes bibliográficos
Autor principal: Segato, Rita Laura (Author)
Formato: Livro
Idioma:espanhol
Publicado em: Madrid Traficantes de Sueños 2016
Edição:1a. ed
Colecção:Mapas
Assuntos:
Tags: Adicionar Tag
Sem tags, seja o primeiro a adicionar uma tag!

MARC

LEADER 00000cam a2200000 a 4500
001 UCC3213
003 CL-VaPUC
008 180422e20161200sp |||||||||||||||||spa|d
020 |a 9788494597855 
082 0 4 |a 362.8292  |b SEG  |2 21 
100 0 |a Segato, Rita Laura  |e author  |9 597247 
245 1 3 |a La guerra contra las mujeres 
250 |a 1a. ed 
300 |a 188 p 
942 |c BK 
945 |d 20180422 17:11:00  |a arojas 
260 |a Madrid  |b Traficantes de Sueños  |c 2016 
650 7 |a VIOLENCIA CONTRA LA MUJER  |2 CL-VaPUC  |9 12 
650 0 |a Feminismo  |9 259085 
650 0 |a Violencia de género   |9 535002 
583 |a last modification  |c 20181207 01:11:42  |k Rodrigo Vera 
490 0 |a Mapas 
999 |c 371018  |d 371016 
952 |0 0  |1 0  |3 erb  |4 0  |6 362_829200000000000_SEG_2016  |7 0  |8 A  |9 487860  |a BIBEDU  |b BIBEDU  |i 5465591  |l 3  |m 2  |o 362.8292 SEG 2016  |p 5465591  |r 2022-12-06  |s 2022-11-24  |w 2019-11-24  |y BK  |z Catalogado en:20180422  |k LIT 
952 |0 0  |1 0  |3 erb  |4 0  |6 362_829200000000000_SEG_2016  |7 0  |8 A  |9 487861  |a BIBGIM  |b BIBGIM  |i 5522374  |l 3  |m 1  |o 362.8292 SEG 2016  |p 5522374  |r 2025-01-15  |s 2025-01-06  |w 2019-11-24  |y BK  |z Catalogado en:20181207  |k SSL 
952 |0 0  |1 0  |3 erb  |4 0  |6 362_829200000000000_SEG_2016  |7 0  |8 A  |9 487862  |a BIBGIM  |b BIBGIM  |i 5522366  |l 5  |m 7  |o 362.8292 SEG 2016  |p 5522366  |r 2025-01-15  |s 2024-10-25  |w 2019-11-24  |y BK  |z Catalogado en:20181207  |k SSL